Účtovné zobrazenie finančných nástrojov podľa IFRS a slovenskej právnej úpravy
Prehľad aktuálneho účtovného zobrazenia finančných nástrojov v medzinárodnom štandarde IFRS 9, ktoré boli prijaté v auguste roku 2011. Výbor pre medzinárodné štandardy (IASB) a účtovníctvo účtovných jednotiek.
Saved in:
| Main Author: | |
|---|---|
| Format: | Book Chapter |
| Language: | Slovak |
| Subjects: | |
| Tags: |
No Tags, Be the first to tag this record!
|
MARC
| LEADER | 00000nla$a2200000$$$4500 | ||
|---|---|---|---|
| 001 | 0149014 | ||
| 005 | 20240507081157.3 | ||
| 041 | 0 | |a slo | |
| 044 | |a CZ | ||
| 245 | 1 | 0 | |a Účtovné zobrazenie finančných nástrojov podľa IFRS a slovenskej právnej úpravy |c Martina Kováčiková |
| 520 | |a Prehľad aktuálneho účtovného zobrazenia finančných nástrojov v medzinárodnom štandarde IFRS 9, ktoré boli prijaté v auguste roku 2011. Výbor pre medzinárodné štandardy (IASB) a účtovníctvo účtovných jednotiek. | ||
| 610 | 2 | 0 | |a účtovníctvo |
| 610 | 2 | 0 | |a jednotka účtovná |
| 610 | 2 | 0 | |a pravidlá účtovné |
| 610 | 2 | 0 | |a vedenie účtovníctva |
| 610 | 2 | 0 | |a štandardy účtovné medzinárodné |
| 610 | 2 | 0 | |a IFRS |
| 100 | 1 | |a Kováčiková, Martina, 1985- | |